00379nam a2200145Ia 4500008004100000020001500041041001200056082001900068100005000087245003100137250001200168260002500180300001100205650001700216231217s9999 xx 000 0 und d a007047446X aEnglish a658.076 MUN;5 aMuneer, Muhammed Venkataramani, G Regina, C A 0aHow to prepare for the CAT a2nd ed. c2003bTMHaNew Delhi aix+509 a,prepare,CAT